[Event "Titled Tuesday intern op 17th Aug"]
[Site "Chess.com INT"]
[Date "2021.08.17"]
[Round "2"]
[White "Tong, Hai Anh"]
[Black "Sliwicki, Damian"]
[Result "1-0"]
[WhiteElo "1486"]
[BlackElo "2168"]
[PlyCount "50"]
[EventDate "2021.08.17"]
[EventType "swiss (blitz)"]
[EventRounds "11"]
[EventCountry "USA"]
[SourceTitle "EXT 2022"]
[Source "ChessBase"]
[SourceDate "2021.10.06"]
[SourceVersion "1"]
[SourceVersionDate "2021.10.06"]
[SourceQuality "1"]

1. d4 Nf6 2. c4 g6 3. Nc3 d5 4. cxd5 Nxd5 5. Nf3 Bg7 6. e4 Nxc3 7. bxc3 c5 8. Be3 Qa5 9. Qd2 cxd4 10. Bxd4 e5 11. Be3 0-0 12. Be2 Nc6 13. 0-0 Bg4 14. Rfb1 Rfd8 15. Qe1 b6 16. a4 Bxf3 17. gxf3 Rab8 18. Rb5 Qa6 19. Rxb6 Qc8 20. Rxb8 Nxb8 21. Rd1 Rxd1 22. Qxd1 Nc6 23. Bb5 Bf6 24. Qd6 Qh3 25. Qxf6 Na5 1-0

[Event "World Cup U14 Prel"]
[Site "Tornelo INT"]
[Date "2021.08.11"]
[Round "7"]
[White "Lye, Sverre"]
[Black "Tong, Hai Anh"]
[Result "0-1"]
[WhiteElo "1899"]
[BlackElo "1486"]
[PlyCount "94"]
[EventDate "2021.08.11"]
[EventType "swiss (rapid)"]
[EventRounds "10"]
[EventCountry "NET"]
[SourceTitle "EXT 2025"]
[Source "ChessBase"]
[SourceDate "2024.10.14"]
[SourceVersion "1"]
[SourceVersionDate "2024.10.14"]
[SourceQuality "1"]

1. e4 c6 2. Nc3 d5 3. Nf3 Bg4 4. h3 Bxf3 5. Qxf3 e6 6. Be2 d4 7. Nb1 Nf6 8. 0-0 Nbd7 9. d3 Bd6 10. Nd2 0-0 11. Nc4 Ne5 12. Nxe5 Bxe5 13. g3 h6 14. Qg2 Bc7 15. f4 e5 16. Bd2 c5 17. f5 b5 18. g4 Ba5 19. Bc1 Nh7 20. f6 Nxf6 21. g5 Nh7 22. gxh6 g6 23. Qg3 Bc7 24. h4 Kh8 25. a4 bxa4 26. Rxa4 Qd7 27. Ra6 Rg8 28. Kh1 Qb5 29. Ra1 f5 30. b3 a5 31. Qh3 Raf8 32. exf5 gxf5 33. Bd2 Qc6+ 34. Bf3 e4 35. dxe4 fxe4 36. Bg2 Qg6 37. Rxf8 Nxf8 38. Bg5 Ne6 39. Re1 Nxg5 40. hxg5 Qxg5 41. h7 Rg6 42. Qc8+ Bd8 43. Bh3 e3 44. Rf1 e2 45. Rf8+ Kxh7 46. Qd7+ Be7 47. Re8 Qg1# 0-1

[Event "World Cup U14 Prel"]
[Site "Tornelo INT"]
[Date "2021.08.11"]
[Round "3"]
[White "Ticona Rocabado, Licael Roderick"]
[Black "Tong, Hai Anh"]
[Result "0-1"]
[WhiteElo "1911"]
[BlackElo "1486"]
[PlyCount "78"]
[EventDate "2021.08.11"]
[EventType "swiss (rapid)"]
[EventRounds "10"]
[EventCountry "NET"]
[SourceTitle "EXT 2025"]
[Source "ChessBase"]
[SourceDate "2024.10.14"]
[SourceVersion "1"]
[SourceVersionDate "2024.10.14"]
[SourceQuality "1"]

1. Nf3 d5 2. g3 Nf6 3. Bg2 c6 4. 0-0 Bf5 5. d3 e6 6. Nbd2 Nbd7 7. Re1 h6 8. e4 dxe4 9. dxe4 Bh7 10. Qe2 Be7 11. b3 0-0 12. Bb2 Qc7 13. Rad1 Rad8 14. Nd4 Bc5 15. c3 Ne5 16. Nc4 Nxc4 17. Qxc4 Bb6 18. Ba3 Rfe8 19. h3 Rd7 20. e5 Nd5 21. Bd6 Qc8 22. Bxd5 exd5 23. Qf1 f6 24. c4 fxe5 25. Bxe5 Rde7 26. f4 Be4 27. Kh2 Rf7 28. Qe2 g5 29. cxd5 cxd5 30. Nb5 Rxe5 31. Nd6 Qe6 32. Nxf7 gxf4 33. Nxh6+ Qxh6 34. Qg4+ Kh7 35. gxf4 Bf5 36. Qg3 Bxh3 37. Qxh3 Rh5 38. Re7+ Kg8 39. Re8+ Kf7 0-1

[Event "World Cup U14 Prel"]
[Site "Tornelo INT"]
[Date "2021.08.11"]
[Round "6"]
[White "Tong, Hai Anh"]
[Black "Krishnan, Ritvik"]
[Result "1/2-1/2"]
[WhiteElo "1486"]
[BlackElo "1843"]
[PlyCount "97"]
[EventDate "2021.08.11"]
[EventType "swiss (rapid)"]
[EventRounds "10"]
[EventCountry "NET"]
[SourceTitle "EXT 2025"]
[Source "ChessBase"]
[SourceDate "2024.10.14"]
[SourceVersion "1"]
[SourceVersionDate "2024.10.14"]
[SourceQuality "1"]

1. Nf3 c5 2. g3 g6 3. Bg2 Bg7 4. 0-0 Nc6 5. c4 d6 6. Nc3 Bg4 7. h3 Bxf3 8. Bxf3 Qd7 9. Bg2 e6 10. a3 Nge7 11. Rb1 0-0 12. b4 Rac8 13. Qa4 b6 14. bxc5 dxc5 15. Bb2 Rfd8 16. d3 Nd4 17. Qxd7 Rxd7 18. a4 Nec6 19. Rfe1 Nb4 20. Nb5 Ndc2 21. Red1 a6 22. Na3 Bxb2 23. Nxc2 Bc3 24. Rb3 Nxc2 25. Rxc3 Nb4 26. a5 b5 27. cxb5 axb5 28. Ra1 Nd5 29. Rb3 b4 30. a6 Ra7 31. Bxd5 exd5 32. d4 cxd4 33. Rxb4 Rc6 34. Rba4 Kf8 35. Kf1 Ke7 36. Ke1 h5 37. Kd2 Kf6 38. Kd3 Re6 39. Kxd4 Rxe2 40. R4a2 Re6 41. Kxd5 Rd7+ 42. Kc5 Rc7+ 43. Kb5 Re5+ 44. Kb6 Rec5 45. a7 R7c6+ 46. Kb7 Rc7+ 47. Kb6 R7c6+ 48. Kb7 Rc7+ 49. Kb6 1/2-1/2

[Event "Titled Tuesday intern op 10th Aug"]
[Site "Chess.com INT"]
[Date "2021.08.10"]
[Round "8"]
[White "Lopez Gonzalez, Daniel"]
[Black "Tong, Hai Anh"]
[Result "1-0"]
[WhiteElo "2193"]
[BlackElo "1486"]
[PlyCount "47"]
[EventDate "2021.08.10"]
[EventType "swiss (blitz)"]
[EventRounds "11"]
[EventCountry "USA"]
[SourceTitle "CBM 203 Extra"]
[Source "ChessBase"]
[SourceDate "2021.09.30"]
[SourceVersion "1"]
[SourceVersionDate "2021.09.30"]
[SourceQuality "1"]

1. e4 c6 2. d4 d5 3. exd5 cxd5 4. c4 Nf6 5. Nc3 Nc6 6. Bg5 dxc4 7. Bxc4 Qb6 8. Bxf6 gxf6 9. Nge2 Qxb2 10. 0-0 e6 11. d5 Ne5 12. Bb5+ Bd7 13. Rb1 Qa3 14. dxe6 Bxb5 15. exf7+ Kxf7 16. Qd5+ Ke7 17. Qxb7+ Bd7 18. Qxa8 Rg8 19. Qe4 Bc6 20. Nd5+ Ke6 21. Nd4+ Kf7 22. Nxc6 Nxc6 23. Rb7+ Ne7 24. Re1 1-0

[Event "Titled Tuesday intern op 10th Aug"]
[Site "Chess.com INT"]
[Date "2021.08.10"]
[Round "6"]
[White "Tong, Hai Anh"]
[Black "Sirosh, Ilja"]
[Result "0-1"]
[WhiteElo "1486"]
[BlackElo "2400"]
[PlyCount "132"]
[EventDate "2021.08.10"]
[EventType "swiss (blitz)"]
[EventRounds "11"]
[EventCountry "USA"]
[SourceTitle "CBM 203 Extra"]
[Source "ChessBase"]
[SourceDate "2021.09.30"]
[SourceVersion "1"]
[SourceVersionDate "2021.09.30"]
[SourceQuality "1"]

1. Nf3 d5 2. g3 g6 3. Bg2 Bg7 4. 0-0 Nf6 5. d4 0-0 6. c4 c6 7. cxd5 cxd5 8. Ne5 Ne4 9. Nc3 Nxc3 10. bxc3 Nc6 11. Nxc6 bxc6 12. Qa4 Qb6 13. Ba3 Qa6 14. Qxa6 Bxa6 15. Rfb1 Rfe8 16. e3 e6 17. Bd6 Bf8 18. Bxf8 Kxf8 19. Bf1 Bxf1 20. Kxf1 Rab8 21. Ke2 Rb6 22. Rxb6 axb6 23. Rb1 b5 24. Kd3 Ra8 25. Rb2 Ke7 26. e4 f6 27. f4 dxe4+ 28. Kxe4 Kd6 29. g4 Ra3 30. Rc2 h5 31. g5 f5+ 32. Kd3 Kd5 33. h4 c5 34. dxc5 Kxc5 35. Re2 Kd6 36. Rb2 Kc5 37. Re2 Kd6 38. Rb2 Ra4 39. Rxb5 Rxf4 40. Rb6+ Kd5 41. Rb5+ Kc6 42. Rb4 Rf2 43. a4 e5 44. a5 e4+ 45. Ke3 Ra2 46. Rb6+ Kd5 47. Rb5+ Kc4 48. Rb6 Rxa5 49. Rxg6 Kxc3 50. Rc6+ Kb4 51. Kf4 Kb5 52. Re6 Kc4 53. g6 Kd3 54. g7 Ra8 55. Kxf5 e3 56. Kg5 Rg8 57. Re7 e2 58. Kxh5 Rxg7 59. Rxe2 Kxe2 60. Kh6 Rg4 61. h5 Kf3 62. Kh7 Kf4 63. h6 Kg5 64. Kh8 Kg6 65. h7 Ra4 66. Kg8 Ra8# 0-1